The eclipse of the historical Jesus / (Record no. 6679)
[ view plain ]
| 000 -LEADER | |
|---|---|
| fixed length control field | 00558nam a22001811a 4500 |
| 003 - CONTROL NUMBER IDENTIFIER | |
| control field | NEGST |
| 005 - DATE AND TIME OF LATEST TRANSACTION | |
| control field | 20150929020002.0 |
| 008 - FIXED-LENGTH DATA ELEMENTS--GENERAL INFORMATION | |
| fixed length control field | 030618s1964 pau 001 0 eng d |
| 245 14 - TITLE STATEMENT | |
| Title | The eclipse of the historical Jesus / |
| Statement of responsibility, etc | by Henry J. Cadbury. |
| Medium | [Text] |
| 260 ## - PUBLICATION, DISTRIBUTION, ETC. (IMPRINT) | |
| Place of publication, distribution, etc | Lebanon, PA |
| Name of publisher, distributor, etc | Pendle Hill |
| Date of publication, distribution, etc | 1964 |
| 300 ## - PHYSICAL DESCRIPTION | |
| Extent | 35p. |
| 440 #0 - SERIES STATEMENT/ADDED ENTRY--TITLE | |
| Title | Pendle Hill pamphlet ; |
| Volume number/sequential designation | 133 |
| 500 ## - GENERAL NOTE | |
| General note | Haverford library lectures, Haverford College, April, 1963. Includes bibliography. |
| 590 ## - LOCAL NOTE (RLIN) | |
| Local note | Accession number: 20317 |
| 650 #0 - SUBJECT ADDED ENTRY--TOPICAL TERM | |
| Topical term or geographic name as entry element | Jesus Christ. |
| 942 00 - ADDED ENTRY ELEMENTS (KOHA) | |
| Koha issues (borrowed), all copies | 1 |
| Withdrawn status | Lost status | Source of classification or shelving scheme | Damaged status | Not for loan | Collection code | Home library | Current library | Shelving location | Date acquired | Source of acquisition | Cost, normal purchase price | Total Checkouts | Total Renewals | Full call number | Barcode | Date last seen | Date checked out | Copy number | Price effective from | Koha item type |
|---|---|---|---|---|---|---|---|---|---|---|---|---|---|---|---|---|---|---|---|---|
| Library of Congress Classification | General Circulation | AIU/NEGST - Tony Wilmot Memorial Library | AIU/NEGST - Tony Wilmot Memorial Library | General Stacks | 09/17/2009 | Donation- Dr. Chester Wood | 6.00 | 1 | 1 | BT 303.2.C3 1964 | R02905P3232 | 09/26/2019 | 09/28/2015 | 1 | 09/17/2009 | Books |
